Basic Business Communication /

Salvato in:
Dettagli Bibliografici
Autore principale: Lesikar, Raymond V (Autore)
Natura: Libro
Lingua:inglese
Pubblicazione: Homewood : IRWIN, 1988
Edizione:4.Edition
Tags: Aggiungi Tag
Nessun Tag, puoi essere il primo ad aggiungerne!!

MARC

LEADER 00000nam a22000003a 4500
001 stu30951
005 20150617225734.7
008 930212s1988----xxu-----------------eng-d
020 |a 0-256-05982-9 
040 |a STU  |b slo 
041 0 |a eng 
044 |a xxu 
080 |a 339.1 
100 1 |a Lesikar, Raymond V  |4 aut 
245 1 |a Basic Business Communication /  |c [aut.] Lesikar,Raymond V 
250 |a 4.Edition 
260 |a Homewood :  |b IRWIN,  |c 1988 
300 |a 680 s 
996 |b J89540  |c J*89540  |l JJK5  |s P  |a 0  |w stu30951_0001